| 000 | 00519cam a2200193 4500 | ||
|---|---|---|---|
| 001 | D16256 | ||
| 008 | 090401t1968 xxu||||| |||| 00| 0 eng d | ||
| 035 | _a(Sirsi) u28258 | ||
| 041 | _aeng | ||
| 050 | _a333.00601 | ||
| 110 |
_aRoyal Institution of Chartered Surveyors _94900 |
||
| 245 | _aStatuts 1968, Federation Internationale des Geometres, [articles and rules of the FIG] | ||
| 260 |
_bRICS _c1968 |
||
| 300 | _a19p | ||
| 350 | _a0 | ||
| 520 | _aFiled in box 1968/31 A | ||
| 942 | _n0 | ||
| 948 | _c04/03/1997 | ||
| 999 |
_c89225 _d89225 |
||